000 00546nam a2200181Ia 4500
003 GCL
008 140319s9999 xx 000 0 ara d
040 _aGCL /
_cGCL
082 0 4 _a953
_bع ت
100 1 _aعبدالكريم محمود غرايبة
245 1 0 _aتاريخ العرب الحديث /
_cعبدالكريم محمود غرايبة
260 _a[S.N] :
_bالاهلية للنشر والتوزيع ،
_c1987
300 _a302 ص
490 _a
650 0 4 _aالعصر الحديث
650 0 4 _aتاريخ
942 _2ddc
_cBK
999 _c48613
_d48613